Statistics for Countries Closest to Oman - 30 Second Sprint

Click here to take the quiz!

General Stats

  • This quiz has been taken 43 times
  • The average score is 10 of 20

Answer Stats

kmCountrymiles% Correct
0Saudi Arabia0
97%
0Yemen0
97%
0United Arab
Emirates
0
92%
423Qatar263
81%
509Bahrain316
78%
51Iran32
78%
855Iraq531
73%
806Kuwait501
70%
342Pakistan212
59%
868India539
57%
571Somalia355
51%
1147Djibouti713
46%
576Afghanistan358
43%
1152Eritrea716
38%
1236Ethiopia768
35%
1420Sudan882
16%
1119Turkmenistan696
14%
1543Uzbekistan959
11%
1602Tajikistan995
5%
1514Azerbaijan941
3%

Score Distribution

Percentile by Number Answered

Percent of People with Each Score

Your Score History

You have not taken this quiz